| 000 | 00000nas 2200000za 4500 |
| 001 | 9.507217 |
| 003 | CaOODSP |
| 005 | 20221107133741 |
| 007 | cr ||||||||||| |
| 008 | 150406d20112017qucar p o f0 a0eng|d |
| 022 | |a2369-8004 |
| 040 | |aCaOODSP|beng |
| 043 | |an-cn--- |
| 086 | 1 |aTU1-11E-PDF |
| 222 | 0|aStatistical summary, pipeline occurrences ... |
| 245 | 00|aStatistical summary, pipeline occurrences ... |h[electronic resource]. |
| 260 | |aGatineau, Quebec : |bTransportation Safety Board of Canada, |c2012-2018. |
| 310 | |aAnnual |
| 362 | 1 |aBegan with 2011; ceased with 2017. |
| 500 | |aIssued also in French under title: Sommaire statistique des événements de pipeline ... |
| 500 | |aIncludes appendices (2011-2014 data). |
| 690 | 07|aOil spills|2gcpds |
| 690 | 07|aPetroleum|2gcpds |
| 690 | 07|aTransportation safety|2gcpds |
| 690 | 07|aPipelines|2gcpds |
| 710 | 2 |aTransportation Safety Board of Canada. |
| 775 | 08|tSommaire statistique des événements de pipeline ... |w(CaOODSP)9.503606 |
| 785 | 00|tStatistical summary, pipeline transportation occurrences in … |w(CaOODSP)9.875415 |